000 01534cam a22001814a 4500
005 20250605164046.0
008 250528s ||||||||||||||||||||||||d
035 _a17118
040 _aGR-AtMCL
_bgre
_dGR-AtMCL
_eAACR2
245 1 _aΣτατιστική
260 _bInterbooks,
_c1993
300 _a766
520 _aΕισαγωγή, Συλλογή Στατιστικών Στοιχείων, Παρουσίαση Στατιστικών Στοιχείων, Εμπειρικές ΚατανομέςΣυχνοτήτων μιας Μεταβλητής, Παράμετροι Μονομεταβλητών Πληθυσμών, Διασπορά, Ασσυμμετρία - Κύρτωση, Παλλινδρόμηση και Συσχέτιση Δύο Μεταβλητών, Πολλαπλή Παλινδρόμηση και Συσχέτιση, Χρονολογικές Σειρές, Αριθμοδείκτες, Βασικές Έννοιες των Ενδεχόμενων, Συνδυαστική Θεωρία, Η Έννοια της Πιθανότητας, Τυχαίες Μεταβλητές, Θεωρητικές Κατανομές, Περίπτωση Δύο Τυχαίων Μεταβλητών, Δειγματοληψία, Κατανομές Δειγματοληψίας, Παράγωγες Κατανομές, Εκτιμητική, Έλεγχος Υποθέσεων, Στατιστικοί Πίνακες, Βιβλιογραφία.
700 1 _aΚιόχος Πέτρος Απ
_92769
942 _cBK
999 _c2558
_d2558